| 000 | 00655nam a2200277Ia 4500 | ||
|---|---|---|---|
| 008 | 180803s9999 xx 000 0 und d | ||
| 020 | _a9780545392082 | ||
| 050 | _bM644 2010 | ||
| 100 | _aMilgrim, David | ||
| 245 | 0 | _aSanta duck and his merry helpers / | |
| 245 | 0 | _cby David Milgrims. | |
| 260 | _aBroadway, New York : | ||
| 260 | _bScholastic, | ||
| 260 | _c2010 | ||
| 300 | _aunpaged : | ||
| 300 | _bcolored ; | ||
| 300 | _c25cm. | ||
| 500 | _a470 | ||
| 650 | _aBrothers and sisters -- | ||
| 650 | _aChristmas -- | ||
| 650 | _aDucks -- | ||
| 650 | _xFiction. | ||
| 650 | _xFiction. | ||
| 650 | _xFiction. | ||
| 700 | _aTitle. | ||
| 999 |
_c358298 _d358298 |
||